Statistics for Rivers that Form International Borders (easier)

Click here to take the quiz!

General Stats

  • This quiz has been taken 50 times
  • The average score is 22 of 25

Answer Stats

rivercountry% Correct
Rio GrandeMexico
98%
Rio GrandeUnited States
98%
ParanáBrazil
96%
CongoDem Rep Congo
96%
JordanIsrael
96%
JordanJordan
96%
ParanáArgentina
94%
DanubeRomania
94%
MekongThailand
94%
DanubeAustria
92%
DanubeBulgaria
92%
CongoCongo
92%
MekongLaos
92%
DanubeHungary
90%
MekongMyanmar
90%
DanubeSlovakia
90%
GangesIndia
88%
SenegalSenegal
88%
DanubeSerbia
88%
DanubeCroatia
85%
GangesBangladesh
83%
ParanáParaguay
83%
DanubeUkraine
83%
SenegalMauritania
71%
JordanPalestine
71%

Score Distribution

Percentile by Number Answered

Percent of People with Each Score

Your Score History

You have not taken this quiz